000 00419nam a2200145Ia 4500
008 090122s9999 xx 000 0 und d
082 _b8682
_a181.4
100 _aघैसास
_bदिवाकर
_cअनंत
245 _aभक्तिगीता
600 _aघैसास
630 _aभक्तिगीता
700 _aघैसास
730 _aभक्तिगीता
942 _cBOOK
999 _c32759
_d32759